Código de legislación marítima
Shranjeno v:
| Korporativna značnica: | |
|---|---|
| Format: | Knjiga |
| Jezik: | španščina |
| Izdano: |
Valparaíso
Departamento Jurídico. Oficina de Reglamentos y Publicaciones Marítimas
2006
|
| Izdaja: | 1a. ed |
| Teme: | |
| Oznake: |
Označite
Brez oznak, prvi označite!
|
MARC
| LEADER | 00000nam a2200000 a 4500 | ||
|---|---|---|---|
| 001 | UCI0410 | ||
| 003 | CL-VaPUC | ||
| 008 | 070511e20060000CL |||||||||||||||||spa|d | ||
| 082 | 0 | 4 | |a 343.83096 |b DIR |2 21 |
| 110 | 2 | |a Dirección General del Territorio Marítimo y de Marina Mercante |e author |9 520526 | |
| 245 | 1 | 0 | |a Código de legislación marítima |
| 250 | |a 1a. ed | ||
| 300 | |a 1139 p | ||
| 942 | |c BK | ||
| 945 | |d 20070511 00:00:00 |a cmena | ||
| 260 | |a Valparaíso |b Departamento Jurídico. Oficina de Reglamentos y Publicaciones Marítimas |c 2006 | ||
| 650 | 7 | |a DERECHO MARITIMO CHILENO |2 CL-VaPUC |9 476574 | |
| 650 | 0 | |a Derecho comercial |9 256340 | |
| 650 | 0 | |a Comercio marítimo |9 352895 | |
| 650 | 0 | |a Contratos |9 255153 | |
| 650 | 7 | |a SEGUROS |2 CL-VaPUC |9 520527 | |
| 650 | 0 | |a Transporte marítimo |9 260127 | |
| 650 | 0 | |a Protección del medio ambiente |9 257626 | |
| 650 | 0 | |a Derecho internacional |9 255637 | |
| 583 | |a last modification |c 20130305 10:10:47 |k Rodrigo Vera | ||
| 999 | |c 325577 |d 325575 | ||
| 952 | |0 0 |1 0 |4 0 |6 343_830960000000000_DIR_2006 |7 0 |8 A |9 406566 |a BIBDER |b BIBDER |d 2019-11-22 |i 4336445 |o 343.83096 DIR 2006 |p 4336445 |r 2023-01-25 |w 2019-11-22 |y BK |k DER | ||
| 952 | |0 0 |1 0 |4 0 |6 343_830960000000000_DIR_2006 |7 0 |8 A |9 406567 |a BIBING |b BIBING |d 2019-11-22 |i 4336437 |o 343.83096 DIR 2006 |p 4336437 |r 2025-01-20 |w 2019-11-22 |y BK |k TRA | ||